Ứng dụng công nghệ Gis cloud xây dựng bản đồ hiện trạng giao thông hỗ trợ tránh kẹt xe : Luận văn tốt nghiệp cao học chuyên ngành công nghệ thông tin
Nội dung của đề tài nghiên cứu xây dựng bản đồ hiện trạng giao thông trong một thành phố theo thời gian thực dựa vào thông tin thu thập được qua thiết bị di động để hỗ trợ tránh kẹt xe.
Sparad:
| Huvudupphovsman: | |
|---|---|
| Materialtyp: | Bok |
| Språk: | Undetermined |
| Publicerad: |
Cần Thơ
Trường Đại học Cần Thơ
2016
|
| Ämnen: | |
| Taggar: |
Lägg till en tagg
Inga taggar, Lägg till första taggen!
|
| Thư viện lưu trữ: | Trung tâm Học liệu Trường Đại học Cần Thơ |
|---|
| LEADER | 01214nam a2200217Ia 4500 | ||
|---|---|---|---|
| 001 | CTU_211197 | ||
| 008 | 210402s9999 xx 000 0 und d | ||
| 082 | |a 005.74 | ||
| 082 | |b Th107 | ||
| 088 | |a 60480104 | ||
| 100 | |a Trần, Văn Thành | ||
| 245 | 0 | |a Ứng dụng công nghệ Gis cloud xây dựng bản đồ hiện trạng giao thông hỗ trợ tránh kẹt xe : | |
| 245 | 0 | |b Luận văn tốt nghiệp cao học chuyên ngành công nghệ thông tin | |
| 245 | 0 | |c Trần Văn Thành ; Trần Cao Đệ (Người hướng dẫn khoa học) | |
| 260 | |a Cần Thơ | ||
| 260 | |b Trường Đại học Cần Thơ | ||
| 260 | |c 2016 | ||
| 520 | |a Nội dung của đề tài nghiên cứu xây dựng bản đồ hiện trạng giao thông trong một thành phố theo thời gian thực dựa vào thông tin thu thập được qua thiết bị di động để hỗ trợ tránh kẹt xe. | ||
| 650 | |a Hệ thống thông tin địa lý,Geographic information systems | ||
| 904 | |i Bùi Trần Bảo Châu, Tuyến | ||
| 980 | |a Trung tâm Học liệu Trường Đại học Cần Thơ | ||